|
|
|
|
| LEADER |
00000nam0a2200000 4500 |
| 001 |
362529 |
| 005 |
20231102011511.0 |
| 035 |
|
|
|a (RuTPU)RU\TPU\retro\19875
|
| 090 |
|
|
|a 362529
|
| 100 |
|
|
|a 20210728d1980 km y0rusy50 ca
|
| 101 |
0 |
|
|a rus
|
| 102 |
|
|
|a RU
|
| 105 |
|
|
|a a z 001zb
|
| 200 |
1 |
|
|a Борис Арапов
|e монографический очерк
|f Л. Данько
|
| 210 |
|
|
|a Ленинград
|c Советский композитор
|d 1980
|
| 215 |
|
|
|a 151 с.
|c ил.
|
| 320 |
|
|
|a Библиогр.: с. 146-150
|
| 600 |
|
1 |
|a Арапов
|b Б. А.
|c советский композитор
|f 1905-1992
|g Борис Александрович
|2 stltpush
|3 (RuTPU)RU\TPU\pers\46929
|
| 606 |
1 |
|
|a Композиторы
|2 stltpush
|3 (RuTPU)RU\TPU\subj\15032
|9 41330
|
| 610 |
1 |
|
|a музыка
|
| 610 |
1 |
|
|a музыкальная деятельность
|
| 610 |
1 |
|
|a музыкальные деятели
|
| 610 |
1 |
|
|a музыкальное творчество
|
| 610 |
1 |
|
|a русская музыка
|
| 610 |
1 |
|
|a история
|
| 610 |
1 |
|
|a 20 век
|
| 675 |
|
|
|a 78.071.1
|v 4
|
| 700 |
|
1 |
|a Данько
|b Л.
|
| 801 |
|
1 |
|a RU
|b 63413507
|c 20210728
|
| 801 |
|
2 |
|a RU
|b 63413507
|c 20210728
|g RCR
|
| 942 |
|
|
|c BK
|